000 00295nam a22001337a 4500
008 181019b xxu||||| |||| 00| 0 eng d
020 _a9781438001135
041 _aeng
080 _a611
100 _a6
101 _aANA
245 _aAnatomy of Exercise Manual
_cAshwell,K
942 _2udc
_cBK
999 _c50264
_d50264